[Event "Madrid-chT 1920"]
[Site "Madrid"]
[Date "2020.02.23"]
[Round "10.3"]
[White "Barraza Caracuel, Ignacio"]
[Black "Moreno Ruiz, Javier"]
[Result "0-1"]
[WhiteElo "2128"]
[BlackElo "2434"]
[PlyCount "95"]
[EventDate "2019.11.24"]
[EventType "team-tourn"]
[EventRounds "14"]
[EventCountry "ESP"]
[SourceVersionDate "2019.11.24"]
[WhiteTeam "Liberty Chess"]
[BlackTeam "Collado Villalba"]
[WhiteTeamCountry "ESP"]
[BlackTeamCountry "ESP"]

1. d4 Nf6 2. c4 e6 3. Nf3 d5 4. cxd5 exd5 5. Nc3 c6 6. Bg5 Be7 7. e3 Bf5 8. Bd3
Bxd3 9. Qxd3 Nbd7 10. O-O O-O 11. Rab1 a5 12. h3 Re8 13. Bf4 Nf8 14. Ne5 Bd6
15. Qc2 Ne6 16. Bh2 Nd7 17. f4 f6 18. Nd3 Nb6 19. b3 Qd7 20. a4 Nc8 21. Rbe1
Bc7 22. f5 Bxh2+ 23. Kxh2 Ng5 24. h4 Nf7 25. Nc5 Qc7+ 26. g3 Ncd6 27. Ne6 Qd7
28. e4 dxe4 29. Nxe4 Nxe4 30. Rxe4 Re7 31. Nc5 Qc7 32. Rfe1 Rae8 33. Re6 Nd8
34. Rxe7 Rxe7 35. Qc4+ Kf8 36. Ne6+ Nxe6 37. fxe6 Qd6 38. Re3 Ke8 39. Qe2 Qd5
40. Re4 Kd8 41. Qe3 Kc8 42. g4 Qd6+ 43. Kh3 b6 44. Qe2 Kb7 45. Qc4 Qd5 46. Qxd5
cxd5 47. Re3 Kc6 48. Kg3 0-1

[Event "Madrid-chT 1920"]
[Site "Madrid"]
[Date "2020.02.23"]
[Round "10.4"]
[White "Quispe Arteaga, Gabriel"]
[Black "Suarez Triguero, Jose Alfonso"]
[Result "1-0"]
[WhiteElo "2407"]
[BlackElo "2043"]
[PlyCount "77"]
[EventDate "2019.11.24"]
[EventType "team-tourn"]
[EventRounds "14"]
[EventCountry "ESP"]
[SourceVersionDate "2019.11.24"]
[WhiteTeam "Collado Villalba"]
[BlackTeam "Liberty Chess"]
[WhiteTeamCountry "ESP"]
[BlackTeamCountry "ESP"]

1. d4 Nf6 2. Nf3 d6 3. g3 Nbd7 4. c4 e5 5. Nc3 Be7 6. Bg2 c6 7. Qc2 O-O 8. O-O
Qc7 9. b3 Re8 10. e4 Bf8 11. h3 a5 12. Be3 g6 13. Rad1 Bg7 14. d5 Nc5 15. Bg5
Nfd7 16. Qd2 Bf8 17. Bh6 Be7 18. g4 Qb6 19. Rb1 Qb4 20. Ne1 Qb6 21. Kh1 Qc7 22.
Rd1 Ra6 23. Nc2 Rd8 24. f4 exf4 25. Bxf4 Ne5 26. Nd4 Bd7 27. dxc6 bxc6 28. Ndb5
Qb8 29. Nxd6 f6 30. Bxe5 fxe5 31. Nf7 Rf8 32. Nh6+ Kg7 33. Rxf8 Qxf8 34. Rf1
Qd8 35. Nf7 Qb8 36. Ng5 Be6 37. Na4 Bxg5 38. Qxg5 Qd6 39. Qf6+ 1-0

[Event "Madrid-chT 1920"]
[Site "Madrid"]
[Date "2020.02.23"]
[Round "10.5"]
[White "Contreras Jimenez, Jose Enrique"]
[Black "Lianes Garcia, Marcos"]
[Result "0-1"]
[WhiteElo "1679"]
[BlackElo "2358"]
[PlyCount "62"]
[EventDate "2019.11.24"]
[EventType "team-tourn"]
[EventRounds "14"]
[EventCountry "ESP"]
[SourceVersionDate "2019.11.24"]
[WhiteTeam "Liberty Chess"]
[BlackTeam "Collado Villalba"]
[WhiteTeamCountry "ESP"]
[BlackTeamCountry "ESP"]

1. d4 g6 2. c4 Bg7 3. Nf3 c5 4. e3 cxd4 5. exd4 d5 6. c5 Nf6 7. Bb5+ Bd7 8. Qa4
O-O 9. Nc3 Nc6 10. Bf4 a6 11. Be2 Nh5 12. Be3 Nxd4 13. Qd1 Nxe2 14. Qxe2 Bc6
15. Bd4 Nf4 16. Qf1 e5 17. Be3 d4 18. O-O-O Ne6 19. Nb1 Qa5 20. Bxd4 exd4 21.
Qc4 Bxf3 22. gxf3 Qxc5 23. Qxc5 Nxc5 24. b3 Rfe8 25. Rd2 Bh6 26. Kc2 d3+ 27.
Rxd3 Nxd3 28. Kxd3 Rad8+ 29. Kc4 Re2 30. a4 Rxf2 31. Nc3 Rc2 0-1

[Event "Madrid-chT 1920"]
[Site "Madrid"]
[Date "2020.02.23"]
[Round "10.6"]
[White "Pablos Tenrero, Raquel"]
[Black "De Fuenmayor Fernandez, Carlos Pablo"]
[Result "1-0"]
[WhiteElo "2050"]
[BlackElo "1365"]
[PlyCount "53"]
[EventDate "2019.11.24"]
[EventType "team-tourn"]
[EventRounds "14"]
[EventCountry "ESP"]
[SourceVersionDate "2019.11.24"]
[WhiteTeam "Collado Villalba"]
[BlackTeam "Liberty Chess"]
[WhiteTeamCountry "ESP"]
[BlackTeamCountry "ESP"]

1. d4 d5 2. Nc3 Nf6 3. Bf4 c5 4. e3 Qb6 5. Nb5 Na6 6. dxc5 Qxc5 7. c3 Bd7 8. a4
e6 9. Nf3 Be7 10. Bd3 Ne4 11. Ne5 Nd6 12. Nxd7 Kxd7 13. O-O Nc7 14. b4 Qc6 15.
c4 Ncxb5 16. axb5 Qc8 17. cxd5 exd5 18. Qg4+ f5 19. Bxf5+ Nxf5 20. Qxf5+ Ke8
21. Qxd5 Qd7 22. Qh5+ Kf8 23. Rfd1 Qe8 24. Qf3 Kg8 25. Qxb7 Bxb4 26. Rd7 Bc3
27. Qd5+ 1-0

[Event "Madrid-chT 1920"]
[Site "Madrid"]
[Date "2020.02.23"]
[Round "10.1"]
[White "Reyes Larena, Juan"]
[Black "Alcazar Jimenez, Victor Manuel"]
[Result "1-0"]
[WhiteElo "2456"]
[BlackElo "2360"]
[PlyCount "67"]
[EventDate "2019.11.24"]
[EventType "team-tourn"]
[EventRounds "14"]
[EventCountry "ESP"]
[SourceVersionDate "2019.11.24"]
[WhiteTeam "San Sebastian de los Reyes"]
[BlackTeam "Getafe"]
[WhiteTeamCountry "ESP"]
[BlackTeamCountry "ESP"]

1. e4 c5 2. Nf3 e6 3. d3 Nc6 4. g3 d5 5. Nbd2 Bd6 6. Bg2 Nge7 7. O-O O-O 8. Re1
f6 9. c3 d4 10. cxd4 cxd4 11. a3 a5 12. Nc4 e5 13. Nh4 b5 14. Nxd6 Qxd6 15. f4
Be6 16. f5 Bf7 17. g4 Nb8 18. g5 fxg5 19. Bxg5 Nd7 20. Kh1 h6 21. Bd2 Nc5 22.
Qf3 Qf6 23. Qg3 Rfc8 24. Rg1 Nb3 25. Rad1 Rc2 26. Nf3 Bh5 27. Be1 Ra6 28. Qh3
Bxf3 29. Bxf3 Rxb2 30. Bh4 Qf7 31. Qg3 g5 32. fxg6 Rxg6 33. Bh5 Rxg3 34. Rxg3+
1-0

[Event "Madrid-chT 1920"]
[Site "Madrid"]
[Date "2020.02.23"]
[Round "10.2"]
[White "Gago Padreny, Ignacio"]
[Black "Reyes Penas, Sebastian"]
[Result "0-1"]
[WhiteElo "2306"]
[BlackElo "2252"]
[PlyCount "60"]
[EventDate "2019.11.24"]
[EventType "team-tourn"]
[EventRounds "14"]
[EventCountry "ESP"]
[SourceVersionDate "2019.11.24"]
[WhiteTeam "Getafe"]
[BlackTeam "San Sebastian de los Reyes"]
[WhiteTeamCountry "ESP"]
[BlackTeamCountry "ESP"]

1. d4 Nf6 2. c4 e6 3. Nc3 Bb4 4. Qc2 b6 5. e4 c5 6. d5 Qe7 7. Be2 exd5 8. exd5
d6 9. Nf3 O-O 10. O-O Bxc3 11. bxc3 Bg4 12. a4 Nbd7 13. h3 Bh5 14. Bf4 Rfe8 15.
Ra2 Ne4 16. Bh2 f5 17. Re1 Qf6 18. Ne5 dxe5 19. Bxh5 g6 20. Rxe4 fxe4 21. Bg4
Nf8 22. Qxe4 h5 23. Be2 Nh7 24. Bd3 Kg7 25. h4 Qf7 26. Bxe5+ Nf6 27. f4 Kh7 28.
Qxg6+ Qxg6 29. Bxg6+ Kxg6 30. a5 Ng4 0-1

[Event "Madrid-chT 1920"]
[Site "Madrid"]
[Date "2020.02.23"]
[Round "10.3"]
[White "Martinez Fernandez, Raul"]
[Black "Khudov, Oleksandr"]
[Result "1-0"]
[WhiteElo "2201"]
[BlackElo "2187"]
[PlyCount "91"]
[EventDate "2019.11.24"]
[EventType "team-tourn"]
[EventRounds "14"]
[EventCountry "ESP"]
[SourceVersionDate "2019.11.24"]
[WhiteTeam "San Sebastian de los Reyes"]
[BlackTeam "Getafe"]
[WhiteTeamCountry "ESP"]
[BlackTeamCountry "ESP"]

1. e4 e6 2. d4 d5 3. Nc3 Nf6 4. e5 Nfd7 5. f4 c5 6. Nf3 Nc6 7. Be3 a6 8. Qd2 b5
9. Qf2 Qb6 10. Bd3 cxd4 11. Nxd4 Bc5 12. Nce2 Nb4 13. O-O O-O 14. Qg3 Re8 15.
Rfc1 Bb7 16. a3 Nxd3 17. cxd3 b4 18. a4 a5 19. Rxc5 Nxc5 20. Nb3 d4 21. Bxd4
Nxb3 22. Bxb6 Nxa1 23. Nd4 Rac8 24. f5 exf5 25. h3 Rc1+ 26. Kh2 Bc8 27. Qg5 Re1
28. Nf3 Re2 29. d4 Bb7 30. Qxf5 Nc2 31. Qd7 Rb8 32. Qc7 Rf8 33. Qxb7 Ne3 34. d5
Rxg2+ 35. Kh1 Rg3 36. Bxe3 Rxf3 37. Bc5 Re8 38. d6 Rxh3+ 39. Kg2 Rd3 40. Qe7
Ra8 41. d7 h6 42. Qe8+ Rxe8 43. dxe8=Q+ Kh7 44. Qxf7 Rd2+ 45. Kf3 Rxb2 46. Bf8
1-0

[Event "Madrid-chT 1920"]
[Site "Madrid"]
[Date "2020.02.23"]
[Round "10.4"]
[White "Walter, Florian"]
[Black "Quevedo Marin, Manuel"]
[Result "0-1"]
[WhiteElo "2213"]
[BlackElo "2198"]
[PlyCount "88"]
[EventDate "2019.11.24"]
[EventType "team-tourn"]
[EventRounds "14"]
[EventCountry "ESP"]
[SourceVersionDate "2019.11.24"]
[WhiteTeam "Getafe"]
[BlackTeam "San Sebastian de los Reyes"]
[WhiteTeamCountry "ESP"]
[BlackTeamCountry "ESP"]

1. c4 e5 2. g3 c6 3. d4 e4 4. d5 Bb4+ 5. Nc3 d6 6. Qc2 Nf6 7. Bg2 Bf5 8. a3 Bc5
9. Nxe4 cxd5 10. Nxd6+ Qxd6 11. Qxf5 Nc6 12. Bf4 Qe7 13. cxd5 Nd4 14. Qd3 Rc8
15. Rc1 O-O 16. d6 Qe6 17. Rxc5 Rxc5 18. Qxd4 Rc2 19. Bf3 h6 20. Kf1 g5 21. Be5
Rc4 22. Qe3 Nd5 23. Qd3 Nb6 24. Bd4 Rd8 25. Bxb6 Rxd6 26. Qe3 Rxb6 27. Qxe6
fxe6 28. b4 g4 29. Bxg4 Rxg4 30. Nf3 Ra6 31. Kg2 Rxa3 32. Rc1 Re4 33. Rc8+ Kf7
34. Rc7+ Kf6 35. Rxb7 Rxe2 36. Nd4 Rd2 37. Nb5 Raa2 38. Kf3 Rxf2+ 39. Ke3 Rxh2
40. Nxa7 e5 41. Ke4 Rhe2+ 42. Kd5 Rad2+ 43. Kc4 Rd4+ 44. Kb5 Rxb4+ 0-1

[Event "Madrid-chT 1920"]
[Site "Madrid"]
[Date "2020.02.23"]
[Round "10.5"]
[White "Alfaya Marcelo, Roberto"]
[Black "Alcazar Jimenez, Jesus Alberto"]
[Result "1-0"]
[WhiteElo "2145"]
[BlackElo "2159"]
[PlyCount "105"]
[EventDate "2019.11.24"]
[EventType "team-tourn"]
[EventRounds "14"]
[EventCountry "ESP"]
[SourceVersionDate "2019.11.24"]
[WhiteTeam "San Sebastian de los Reyes"]
[BlackTeam "Getafe"]
[WhiteTeamCountry "ESP"]
[BlackTeamCountry "ESP"]

1. d4 d5 2. c4 c6 3. Nc3 Nf6 4. Nf3 e6 5. Bg5 h6 6. Bh4 dxc4 7. e4 Be7 8. e5
Nd5 9. Bxe7 Qxe7 10. Bxc4 Qb4 11. Qb3 Qxb3 12. Bxb3 Nxc3 13. bxc3 Na6 14. Nd2
O-O 15. Ne4 c5 16. Bc4 cxd4 17. cxd4 Nb4 18. Kd2 Nc6 19. Ke3 Na5 20. Rhc1 Bd7
21. Nd6 Bc6 22. f3 Nxc4+ 23. Rxc4 Rfd8 24. Rb1 Rd7 25. a3 Rad8 26. Rcb4 Rxd6
27. exd6 Rxd6 28. Rc1 Kf8 29. a4 Ke8 30. a5 a6 31. Rb6 Kd7 32. Rc5 Kc7 33. Kd3
Rd7 34. Kc3 Rd6 35. h4 Kb8 36. Re5 Kc7 37. Rc5 Kb8 38. h5 Kc7 39. Kd3 Kb8 40.
Ke3 Kc7 41. g4 f6 42. f4 Kd7 43. Rcxc6 Rxc6 44. Rxb7+ Rc7 45. Rxc7+ Kxc7 46. f5
exf5 47. gxf5 Kc6 48. Ke4 Kd6 49. Kd3 Kd5 50. Kc3 Ke4 51. Kc4 Kxf5 52. d5 Ke5
53. Kc5 1-0

[Event "Madrid-chT 1920"]
[Site "Madrid"]
[Date "2020.02.23"]
[Round "10.6"]
[White "Garcia Garrido, Antonio"]
[Black "Guillo Longares, Cecilia"]
[Result "1/2-1/2"]
[WhiteElo "2137"]
[BlackElo "2113"]
[PlyCount "79"]
[EventDate "2019.11.24"]
[EventType "team-tourn"]
[EventRounds "14"]
[EventCountry "ESP"]
[SourceVersionDate "2019.11.24"]
[WhiteTeam "Getafe"]
[BlackTeam "San Sebastian de los Reyes"]
[WhiteTeamCountry "ESP"]
[BlackTeamCountry "ESP"]

1. e4 c5 2. c3 Nf6 3. e5 Nd5 4. d4 cxd4 5. cxd4 e6 6. Nc3 Nxc3 7. bxc3 d6 8.
Nf3 Qc7 9. Bd2 Nc6 10. exd6 Bxd6 11. Bd3 Ne7 12. Ng5 Ng6 13. Qf3 Nf4 14. Bb5+
Kf8 15. g3 a6 16. Bf1 Nd5 17. Ne4 Bd7 18. c4 Nb4 19. Qb3 a5 20. c5 Be7 21. Bxb4
axb4 22. Bg2 Bc6 23. O-O Qd7 24. Qxb4 Ra4 25. Qb3 Rxd4 26. Rad1 Bxe4 27. Bxe4
Bxc5 28. Rxd4 Qxd4 29. Qxb7 g6 30. Qb1 Ke7 31. Qa1 Rd8 32. Qxd4 Rxd4 33. Bc6
Ba3 34. Bb5 Rb4 35. Bd3 Rb2 36. Bc4 Kf6 37. Kg2 Ke5 38. Kf3 Kd4 39. Bb3 Bc5 40.
Rc1 1/2-1/2

[Event "Madrid-chT 1920"]
[Site "Madrid"]
[Date "2020.02.22"]
[Round "10.2"]
[White "Rodriguez Lopez, David"]
[Black "Almagro Llamas, Pablo"]
[Result "1-0"]
[WhiteElo "2160"]
[BlackElo "2458"]
[PlyCount "45"]
[EventDate "2019.11.24"]
[EventType "team-tourn"]
[EventRounds "14"]
[EventCountry "ESP"]
[SourceVersionDate "2019.11.24"]
[WhiteTeam "Tajamar"]
[BlackTeam "Virgen de Atocha"]
[WhiteTeamCountry "ESP"]
[BlackTeamCountry "ESP"]

1. e4 c5 2. c3 d5 3. exd5 Qxd5 4. d4 Nf6 5. Nf3 e6 6. Na3 cxd4 7. Nb5 Qd8 8.
Nbxd4 a6 9. Bf4 Be7 10. Bc4 b5 11. Bb3 Qb6 12. O-O Nbd7 13. a4 bxa4 14. Bxa4
Nd5 15. Bc6 Bb7 16. Bxd7+ Kxd7 17. Ne5+ Kc8 18. Qa4 Rd8 19. Bg3 f6 20. Nc4 Qa7
21. Nxe6 Rd7 22. Rad1 a5 23. Nc7 1-0

[Event "Madrid-chT 1920"]
[Site "Madrid"]
[Date "2020.02.22"]
[Round "10.3"]
[White "Plazuelo Pascual, Juan"]
[Black "Mkrtchyan, Levon"]
[Result "1/2-1/2"]
[WhiteElo "2444"]
[BlackElo "2198"]
[PlyCount "39"]
[EventDate "2019.11.24"]
[EventType "team-tourn"]
[EventRounds "14"]
[EventCountry "ESP"]
[SourceVersionDate "2019.11.24"]
[WhiteTeam "Virgen de Atocha"]
[BlackTeam "Tajamar"]
[WhiteTeamCountry "ESP"]
[BlackTeamCountry "ESP"]

1. e4 e5 2. Nf3 Nc6 3. d4 exd4 4. Nxd4 Nf6 5. Nxc6 bxc6 6. e5 Qe7 7. Qe2 Nd5 8.
g3 g6 9. c4 Ba6 10. b3 Bg7 11. Bb2 O-O-O 12. Bg2 Rhe8 13. O-O Bxe5 14. Qxe5
Qxe5 15. Bxe5 Rxe5 16. cxd5 Bxf1 17. Kxf1 cxd5 18. Nc3 c6 19. Rc1 Kb7 20. Bf3
1/2-1/2

[Event "Madrid-chT 1920"]
[Site "Madrid"]
[Date "2020.02.22"]
[Round "10.4"]
[White "Ingunza Curro, Andres"]
[Black "Rubio Mejia, Luis Ignacio"]
[Result "1-0"]
[WhiteElo "2101"]
[BlackElo "2419"]
[PlyCount "67"]
[EventDate "2019.11.24"]
[EventType "team-tourn"]
[EventRounds "14"]
[EventCountry "ESP"]
[SourceVersionDate "2019.11.24"]
[WhiteTeam "Tajamar"]
[BlackTeam "Virgen de Atocha"]
[WhiteTeamCountry "ESP"]
[BlackTeamCountry "ESP"]

1. e4 c6 2. d4 d5 3. e5 Bf5 4. h4 Qc7 5. Nc3 h5 6. Bd3 Bxd3 7. Qxd3 e6 8. Nf3
Ne7 9. Bg5 Nd7 10. O-O Nf5 11. Ne2 g6 12. c4 dxc4 13. Qxc4 Nb6 14. Qc2 Be7 15.
g3 Kf8 16. Nf4 Kg7 17. Rfe1 Rhd8 18. Rad1 Nd5 19. Ne2 Rac8 20. Nc3 Nxc3 21.
bxc3 c5 22. Qb2 b6 23. Bf4 cxd4 24. cxd4 Qb7 25. Rd3 b5 26. Red1 Rd5 27. Nd2
Qc6 28. Ne4 Qc2 29. Qa1 b4 30. Bg5 Bxg5 31. hxg5 Rcd8 32. Nf6 Rxe5 33. d5 Qe2
34. R3d2 1-0

[Event "Madrid-chT 1920"]
[Site "Madrid"]
[Date "2020.02.22"]
[Round "10.5"]
[White "Martinez Martin, David"]
[Black "Martinez Aragon, Aitor"]
[Result "1-0"]
[WhiteElo "2388"]
[BlackElo "2060"]
[PlyCount "53"]
[EventDate "2019.11.24"]
[EventType "team-tourn"]
[EventRounds "14"]
[EventCountry "ESP"]
[SourceVersionDate "2019.11.24"]
[WhiteTeam "Virgen de Atocha"]
[BlackTeam "Tajamar"]
[WhiteTeamCountry "ESP"]
[BlackTeamCountry "ESP"]

1. d4 Nf6 2. c4 e6 3. Nc3 Bb4 4. Qc2 b6 5. e4 c5 6. d5 Qe7 7. Nge2 exd5 8. exd5
Qe4 9. Qb3 Qe7 10. Bf4 Bxc3+ 11. Qxc3 d6 12. O-O-O O-O 13. Ng3 Qc7 14. Bd3 a6
15. Rhe1 b5 16. Bh6 b4 17. Qd2 Ne8 18. Bg5 f6 19. Bf4 Nd7 20. Qc2 h6 21. Qe2
Ne5 22. Bb1 Qf7 23. h3 a5 24. Qc2 g5 25. Bd2 a4 26. f4 Nd7 27. Nf5 1-0

[Event "Madrid-chT 1920"]
[Site "Madrid"]
[Date "2020.02.22"]
[Round "10.6"]
[White "Sahuquillo Cruz, Alejandro"]
[Black "Aguilera Lopez, Alejandro"]
[Result "0-1"]
[WhiteElo "1983"]
[BlackElo "2212"]
[PlyCount "70"]
[EventDate "2019.11.24"]
[EventType "team-tourn"]
[EventRounds "14"]
[EventCountry "ESP"]
[SourceVersionDate "2019.11.24"]
[WhiteTeam "Tajamar"]
[BlackTeam "Virgen de Atocha"]
[WhiteTeamCountry "ESP"]
[BlackTeamCountry "ESP"]

1. e4 c5 2. Nf3 e6 3. d4 cxd4 4. Nxd4 Nf6 5. Nc3 Nc6 6. a3 Be7 7. Be3 O-O 8.
Be2 d5 9. exd5 exd5 10. O-O Re8 11. Bf3 Ne5 12. Bf4 Nxf3+ 13. Qxf3 Bg4 14. Qg3
Qd7 15. h3 Bh5 16. Nf3 Ne4 17. Nxe4 dxe4 18. Ne5 Qe6 19. Ng4 f5 20. Ne3 Rad8
21. Bg5 Rf8 22. h4 Bd6 23. Bf4 h6 24. Rfe1 Bc5 25. Be5 Rf7 26. Bf4 Bd4 27. Rab1
Kh7 28. c4 Rf6 29. Qh3 Rdf8 30. Kh1 Rg6 31. b4 Bxe3 32. Qxe3 Rg4 33. g3 Qf6 34.
Red1 Rxh4+ 35. gxh4 Bf3+ 0-1

[Event "Madrid-chT 1920"]
[Site "Madrid"]
[Date "2020.02.29"]
[Round "11.2"]
[White "Fernandez Garcia, Miguel Angel"]
[Black "Sanchez Saez, Francisco"]
[Result "0-1"]
[WhiteElo "2260"]
[BlackElo "2346"]
[PlyCount "68"]
[EventDate "2019.11.24"]
[EventType "team-tourn"]
[EventRounds "14"]
[EventCountry "ESP"]
[SourceVersionDate "2019.11.24"]
[WhiteTeam "Liberty Chess"]
[BlackTeam "Blanco y Negro"]
[WhiteTeamCountry "ESP"]
[BlackTeamCountry "ESP"]

1. d4 Nf6 2. c4 g6 3. Nc3 Bg7 4. e4 d6 5. Bd3 O-O 6. Nge2 Nc6 7. O-O e5 8. d5
Nd4 9. Nb5 Nxe2+ 10. Qxe2 Nh5 11. g3 Bh3 12. Re1 Qd7 13. Be3 b6 14. Rac1 a5 15.
a3 a4 16. Qd1 Bg4 17. Be2 f5 18. exf5 gxf5 19. Bxg4 fxg4 20. Nc3 Rf3 21. Ne4
Qf5 22. Qc2 Rf8 23. Re2 Nf4 24. gxf4 exf4 25. Nd2 Qh5 26. Nf1 fxe3 27. fxe3 Be5
28. Rg2 Kh8 29. Qe2 Qf5 30. Ng3 Bxg3 31. hxg3 Qe5 32. Rc3 Qe4 33. Qc2 Rf1+ 34.
Kh2 Qe5 0-1

[Event "Madrid-chT 1920"]
[Site "Madrid"]
[Date "2020.02.29"]
[Round "11.3"]
[White "Ballester Llagaria, Luis Eduardo"]
[Black "Perez Gonzalez, Jose Manuel"]
[Result "1/2-1/2"]
[WhiteElo "2326"]
[BlackElo "2205"]
[PlyCount "59"]
[EventDate "2019.11.24"]
[EventType "team-tourn"]
[EventRounds "14"]
[EventCountry "ESP"]
[SourceVersionDate "2019.11.24"]
[WhiteTeam "Blanco y Negro"]
[BlackTeam "Liberty Chess"]
[WhiteTeamCountry "ESP"]
[BlackTeamCountry "ESP"]

1. e4 d6 2. d4 Nf6 3. Nc3 g6 4. Be3 c6 5. Qd2 b5 6. Bd3 Nbd7 7. f4 Ng4 8. e5 b4
9. Ne4 d5 10. Ng5 e6 11. N1f3 Nxe3 12. Qxe3 Nb6 13. g4 h6 14. Nh3 Nc4 15. Bxc4
dxc4 16. O-O-O Qa5 17. Kb1 Rb8 18. Nd2 c3 19. Nb3 Qd5 20. Nf2 cxb2 21. Ne4 Be7
22. Nbc5 Rb5 23. Rhf1 Ra5 24. Qb3 Ba6 25. Nxa6 Rxa6 26. Qxd5 cxd5 27. Nd2 h5
28. h3 hxg4 29. hxg4 Rh4 30. Rg1 1/2-1/2

[Event "Madrid-chT 1920"]
[Site "Madrid"]
[Date "2020.02.29"]
[Round "11.4"]
[White "Carretero Calzon, Abel"]
[Black "Renteria Becerra, Jorge Elicer"]
[Result "0-1"]
[WhiteElo "2156"]
[BlackElo "2307"]
[PlyCount "83"]
[EventDate "2019.11.24"]
[EventType "team-tourn"]
[EventRounds "14"]
[EventCountry "ESP"]
[SourceVersionDate "2019.11.24"]
[WhiteTeam "Liberty Chess"]
[BlackTeam "Blanco y Negro"]
[WhiteTeamCountry "ESP"]
[BlackTeamCountry "ESP"]

1. d4 d6 2. e4 Nf6 3. f3 c5 4. d5 g6 5. c4 b5 6. cxb5 a6 7. Nc3 Bg7 8. bxa6 O-O
9. Bb5 Bxa6 10. Bxa6 Nxa6 11. Nge2 Qa5 12. O-O Nb4 13. Be3 Qa6 14. Qd2 Rfb8 15.
Rfd1 Qa5 16. a3 Na6 17. b4 cxb4 18. axb4 Qxb4 19. Nd4 Ne8 20. Ra4 Qb7 21. Nc6
Nc5 22. Rb4 Qxb4 23. Nxb4 Rxb4 24. Bxc5 dxc5 25. Rc1 Be5 26. Kf1 Ra3 27. Nd1
Nd6 28. Qg5 f6 29. Qg4 f5 30. Qh4 Bf6 31. Qf2 Bd4 32. Qh4 Rb2 33. Qf4 fxe4 34.
fxe4 Rb8 35. Qg4 Rf8+ 36. Ke1 Rf6 37. Rb1 Ra8 38. g3 Nc4 39. Qd7 Rf7 40. Qe6
Ne5 41. Rb7 Ra2 42. Rb5 0-1

[Event "Madrid-chT 1920"]
[Site "Madrid"]
[Date "2020.02.29"]
[Round "11.5"]
[White "Alarcia Astiz, Carlos"]
[Black "Barraza Caracuel, Ignacio"]
[Result "1-0"]
[WhiteElo "2302"]
[BlackElo "2128"]
[PlyCount "87"]
[EventDate "2019.11.24"]
[EventType "team-tourn"]
[EventRounds "14"]
[EventCountry "ESP"]
[SourceVersionDate "2019.11.24"]
[WhiteTeam "Blanco y Negro"]
[BlackTeam "Liberty Chess"]
[WhiteTeamCountry "ESP"]
[BlackTeamCountry "ESP"]

1. e4 e5 2. Nf3 Nc6 3. Bc4 Nf6 4. d3 Bc5 5. O-O d6 6. c3 Bg4 7. Nbd2 O-O 8. h3
Be6 9. Re1 h6 10. b4 Bb6 11. Qb3 Qd7 12. Bxe6 fxe6 13. Nc4 Nh5 14. a4 a6 15.
Nxb6 cxb6 16. Re3 Nf4 17. Ra2 Rf6 18. Kh2 Raf8 19. Ne1 Qf7 20. Rf3 Qh5 21. Be3
b5 22. axb5 axb5 23. Rg3 Kh7 24. Rd2 d5 25. Bc5 R8f7 26. Qa2 d4 27. c4 bxc4 28.
dxc4 Ne7 29. b5 Neg6 30. Bb6 Nh4 31. Bd8 Nfxg2 32. Bxf6 Nxe1 33. Bxh4 Qxh4 34.
Re2 Nf3+ 35. Kg2 d3 36. Re3 d2 37. Qb1 Ng5 38. f3 Nxh3 39. Rxh3 Qg5+ 40. Kf2
Rd7 41. Rd3 Qd8 42. Rxd7 Qxd7 43. Ke2 Qd4 44. Rh1 1-0

[Event "Madrid-chT 1920"]
[Site "Madrid"]
[Date "2020.02.29"]
[Round "11.6"]
[White "Suarez Triguero, Jose Alfonso"]
[Black "Hidalgo Duque, Carlos"]
[Result "0-1"]
[WhiteElo "2043"]
[BlackElo "2259"]
[PlyCount "76"]
[EventDate "2019.11.24"]
[EventType "team-tourn"]
[EventRounds "14"]
[EventCountry "ESP"]
[SourceVersionDate "2019.11.24"]
[WhiteTeam "Liberty Chess"]
[BlackTeam "Blanco y Negro"]
[WhiteTeamCountry "ESP"]
[BlackTeamCountry "ESP"]

1. e4 c5 2. c4 Nc6 3. Ne2 Nf6 4. Nbc3 e6 5. d4 d5 6. cxd5 exd5 7. exd5 Nxd5 8.
dxc5 Ndb4 9. Qxd8+ Nxd8 10. Nd4 Bxc5 11. Bb5+ Bd7 12. a3 Bxd4 13. Bxd7+ Kxd7
14. axb4 Re8+ 15. Be3 Bxe3 16. Rd1+ Bd4+ 17. Ne2 Rxe2+ 18. Kxe2 Ne6 19. Rd2 Ke7
20. Rhd1 Rd8 21. g3 Bb6 22. Rxd8 Nxd8 23. Rc1 Nc6 24. Rc4 f5 25. f4 Kd6 26. Kd3
a6 27. h3 h5 28. g4 fxg4 29. hxg4 hxg4 30. Ke4 g3 31. Kf3 Kd5 32. Rc1 Bf2 33.
b3 b6 34. Rd1+ Nd4+ 35. Kg2 Ke4 36. Ra1 Kxf4 37. Rxa6 Nf5 38. Ra7 Ne3+ 0-1

[Event "Madrid-chT 1920"]
[Site "Madrid"]
[Date "2020.03.01"]
[Round "11.1"]
[White "Gago Padreny, Ignacio"]
[Black "Pulvett Marin, Daniel Eduardo"]
[Result "0-1"]
[WhiteElo "2282"]
[BlackElo "2500"]
[PlyCount "82"]
[EventDate "2019.11.24"]
[EventType "team-tourn"]
[EventRounds "14"]
[EventCountry "ESP"]
[SourceVersionDate "2019.11.24"]
[WhiteTeam "Getafe"]
[BlackTeam "Collado Villalba"]
[WhiteTeamCountry "ESP"]
[BlackTeamCountry "ESP"]

1. d4 d5 2. c4 c6 3. Nf3 Nf6 4. e3 Bf5 5. Nc3 a6 6. cxd5 cxd5 7. Bd3 Bxd3 8.
Qxd3 e6 9. O-O Nc6 10. Bd2 Be7 11. Rac1 O-O 12. Rfd1 Rc8 13. Be1 h6 14. Nd2 Bd6
15. f3 e5 16. dxe5 Nxe5 17. Qe2 Re8 18. Nb3 Nc4 19. Bf2 b5 20. g3 Be5 21. Nd4
Qd7 22. b3 Nd6 23. Qd3 Bxd4 24. Qxd4 Nf5 25. Qd3 Red8 26. g4 Ne7 27. Ne2 Ng6
28. Bg3 h5 29. g5 Nh7 30. h4 Qh3 31. Kf2 Rxc1 32. Rxc1 Nhf8 33. Rc6 Nxh4 34.
Nf4 Qh1 35. Bxh4 Qxh4+ 36. Kf1 d4 37. Rc2 Qh1+ 38. Ke2 Qh2+ 39. Kf1 Qh1+ 40.
Ke2 Qg1 41. Qf5 dxe3 0-1